| 000 | 01256cam a22003135a 4500 | ||
|---|---|---|---|
| 003 | SISC | ||
| 005 | 20170118153036.0 | ||
| 008 | 120716t20142014ohua b 001 0 eng d | ||
| 010 | _a2012944414 | ||
| 020 | _a9781133582953 | ||
| 020 | _a1133582958 | ||
| 035 | _a(OCoLC)ocn800033226 | ||
| 040 |
_aBTCTA _beng _cBTCTA _erda _dYDXCP _dBWX _dTXA _dOCLCQ _dDLC |
||
| 042 | _alccopycat | ||
| 050 | 0 | 0 |
_aHD 30.4 _b.G74 2014 |
| 100 | 1 | _aGriffin, Ricky W. | |
| 245 | 1 | 0 |
_aManagement skills : _bassessment and development / _cRicky W. Griffin, David D. Van Fleet. |
| 250 | _aInternational edition. | ||
| 260 |
_aU.S.A. : _bSouth-Western Cengage Learning, _c2014. |
||
| 300 |
_axviii, 430 pages : _bcolor illustrations ; _c28 cm. |
||
| 500 | _aIncludes bibliographical references and index. | ||
| 521 | _aBusiness Administration | ||
| 650 | 0 |
_aManagement _vTextbooks. |
|
| 700 | 1 |
_aVan Fleet, David D., _eauthor. |
|
| 856 | 4 | 2 |
_zContributor biographical information _uhttp://www.loc.gov/catdir/enhancements/fy1311/2012944414-b.html |
| 856 | 4 | 2 |
_zPublisher description _uhttp://www.loc.gov/catdir/enhancements/fy1311/2012944414-d.html |
| 856 | 4 | 1 |
_zTable of contents only _uhttp://www.loc.gov/catdir/enhancements/fy1311/2012944414-t.html |
| 942 |
_2lcc _cBK _kFOR |
||
| 999 |
_c276731 _d276731 |
||